000 00938cam a22002651 4500
999 _c41129
_d41129
001 3589781
003 OSt
005 20231215112605.0
008 740608s1967 maua b 000 0 eng
010 _a 67019430
020 _a9788177589160
040 _aDLC
_cDLC
_dDLC
_dICU
050 0 0 _aQC174.45
_b.S28 1967
051 _aQC174.45
_b.S28 1973
_cAnother issue. Fourth printing, with corrections.
082 0 0 _a530.123
_bSAK/A
100 1 _aSakurai, J. J.
_q(Jun John),
_d1933-1982
_98614
245 1 0 _aAdvanced quantum mechanics
_c[by] J. J. Sakurai.
260 _aReading, Mass.,
_bAddison-Wesley Pub. Co.
_c1967.
300 _axii, 344 p.
_billus.
_c24 cm.
490 1 _aAddison-Wesley series in advanced physics
650 0 _aQuantum field theory.
830 0 _aA-W series in advanced physics.
906 _a7
_bcbc
_corignew
_du
_eocip
_f19
_gy-gencatlg
942 _2ddc
_cBK
_h530.123
_iSAK/A
_k530.123
_mSAK/A